00443nam a2200133Ia 45000010005000000080041000050820020000461000061000662450109001272600024002365900007002609010027002679990015002944294241024s9999 xx 000 0 und d aRD/607.07/R426p aRepública Dominicana. Ministerio de Educación. DGTIC 0aPortafolio de proyectos DGTIC. Implementación Metodología Project Management Body of Knowledge PMBOK bSanto Domingoc2013 asi a26/8/2016 4:33:33 p.m. c8149d8149